<?xml version="1.0" encoding="UTF-8"?><?xml-stylesheet type="text/xsl" href="static/style.xsl"?><OAI-PMH xmlns="http://www.openarchives.org/OAI/2.0/" xmlns:xsi="http://www.w3.org/2001/XMLSchema-instance" xsi:schemaLocation="http://www.openarchives.org/OAI/2.0/ http://www.openarchives.org/OAI/2.0/OAI-PMH.xsd"><responseDate>2026-04-28T19:43:23Z</responseDate><request verb="GetRecord" identifier="oai:uvadoc.uva.es:10324/48227" metadataPrefix="marc">https://uvadoc.uva.es/oai/request</request><GetRecord><record><header><identifier>oai:uvadoc.uva.es:10324/48227</identifier><datestamp>2021-08-31T21:10:59Z</datestamp><setSpec>com_10324_38</setSpec><setSpec>col_10324_852</setSpec></header><metadata><record xmlns="http://www.loc.gov/MARC21/slim" xmlns:doc="http://www.lyncode.com/xoai" xmlns:xsi="http://www.w3.org/2001/XMLSchema-instance" xmlns:dcterms="http://purl.org/dc/terms/" xsi:schemaLocation="http://www.loc.gov/MARC21/slim http://www.loc.gov/standards/marcxml/schema/MARC21slim.xsd">
<leader>00925njm 22002777a 4500</leader>
<datafield tag="042" ind1=" " ind2=" ">
<subfield code="a">dc</subfield>
</datafield>
<datafield tag="720" ind1=" " ind2=" ">
<subfield code="a">Sánchez Jano, Marta Inés</subfield>
<subfield code="e">author</subfield>
</datafield>
<datafield tag="260" ind1=" " ind2=" ">
<subfield code="c">2021</subfield>
</datafield>
<datafield tag="520" ind1=" " ind2=" ">
<subfield code="a">En la situación de pandemia actual, a consecuencia del virus SARS-CoV-2, son múltiples los datos y pruebas contradictorios sobre el posible efecto protector que podría tener la vitamina D frente a la infección por este nuevo coronavirus. Recientemente, se han investigado los niveles séricos de vitamina D en pacientes bajo la infección por SARS-CoV-2, y los resultados que pueden tener sobre la salud de estos pacientes. Por eso, se ha realizado una revisión de los datos y pruebas disponibles sobre las consecuencias que podrían tener la deficiencia e insuficiencia de vitamina D en pacientes con COVID-19, y cuáles son sus efectos sobre la letalidad, mortalidad, gravedad de la enfermedad, concluyendo que es posible que exista una asociación significativa entre los niveles séricos bajos de 25 (OH) D y un mayor riesgo de desarrollar infecciones agudas en el tracto respiratorio, así como mayores tasas de letalidad, y peor pronóstico y curso clínico de la infección por SARS-CoV-2 en dichos pacientes. Asimismo, se han encontrado ciertos indicios que apuntan a que la administración de suplementos de vitamina D en pacientes infectados, sobre todo en aquellos en riesgo de sufrir déficit, podría ser un complemento preventivo y/o terapéutico para disminuir el daño causado por padecer COVID-19.</subfield>
</datafield>
<datafield tag="024" ind2=" " ind1="8">
<subfield code="a">https://uvadoc.uva.es/handle/10324/48227</subfield>
</datafield>
<datafield ind1=" " ind2=" " tag="653">
<subfield code="a">COVID-19 (enfermedad)</subfield>
</datafield>
<datafield ind1=" " ind2=" " tag="653">
<subfield code="a">Vitaminas - Investigación</subfield>
</datafield>
<datafield tag="245" ind1="0" ind2="0">
<subfield code="a">Efectos de la vitamina D en la prevención y tratamiento de la Covid-19</subfield>
</datafield>
</record></metadata></record></GetRecord></OAI-PMH>